Historický prehľad vývoja výživy človeka skriptá - učebné texty

Bibliographic Details
Main Authors: Květenský, Josef, 1928- (Author), Lacko, Anton, 1951- (Author)
Format: Book
Language:Slovak
PhysicalDescription:35 s. 21 cm
Published: Ružomberok Katolícka univerzita 2005
ISBN:8080840407
Edition:[1. vyd.]
Subjects:

MARC

LEADER 00000nam a2200000 a 4500
001 vtls008410955
003 SK-MaSNL
005 20260301165218.0
008 240318s2005 xo d p 000 0 slo
015 |a SNBA2005/12-05401 
020 |a 8080840407  |q (brož.) 
035 |a FF030CEE-F899-4FF8-9926-BB9536B8E7DF 
035 |a urn:nbn:sk:snk-amk6wq 
035 |a urn:nbn:sk:snk-am008jdu 
040 |a SNK  |b slo  |c SNK  |e AACR2 
041 0 |a slo 
044 |a xo  |c SK 
072 7 |a 613  |x Hygiena. Ľudské zdravie  |2 konspekt 
080 |a (075.8)  |2 MDT-MRF 
080 |a (041)  |2 MDT-MRF 
080 |a 613.2(091)  |2 MDT-MRF 
100 1 |a Květenský, Josef,  |d 1928-  |4 aut  |9 106437 
245 1 0 |a Historický prehľad vývoja výživy človeka  |b skriptá - učebné texty  |c Josef Květenský, Anton Lacko 
250 |a [1. vyd.] 
260 |a Ružomberok  |b Katolícka univerzita  |c 2005 
300 |a 35 s.  |c 21 cm 
504 |a Bibliogr. s. 35 
650 0 7 |a výživa človeka  |x dejiny  |2 SNKPH  |9 533630 
655 7 |a učebnice vysokých škôl  |2 SNKPH  |9 70191 
655 7 |a brožúry  |2 SNKPH  |9 70146 
700 1 |a Lacko, Anton,  |d 1951-  |4 aut  |9 199013 
919 |a 80-8084-040-7 
958 |a OND 
968 |d 61 
999 |c 823413  |d 825343 
952 |a SNK  |b SNK  |y PREZ  |7 0  |p 17A0491349  |o snkSC 121815  |i snk2005/19882  |8 0  |0 0  |1 0  |4 0  |d 2005-11-22  |f 1  |l 0  |r 2025-06-02 00:00:00  |w 2026-02-24 
952 |a SNK  |b SNK  |y VYP  |7 0  |p 17A0491350  |o snkSC 121815 D1  |i snk2005/19883  |8 0  |0 0  |1 0  |4 0  |d 2005-11-22  |l 0  |r 2026-02-24 03:13:40  |w 2026-02-24